|
|
|
|
| LEADER |
00000ny a22000003n 4500 |
| 005 |
20110524142449.0 |
| 008 |
080508t2004 sp s 000 0 spa c |
| 020 |
|
|
|a 8495665352
|
| 035 |
|
|
|a 703
|
| 040 |
|
|
|a UMA.RE
|d vLex
|
| 080 |
|
|
|a 347.736(460)(0.034)
|
| 080 |
|
|
|a 658.11.016.7(460)(0.034)
|
| 090 |
|
|
|c 232
|d 232
|
| 100 |
1 |
|
|a Rojas i Graell, Joan
|
| 245 |
1 |
0 |
|a Administracin̤ concursal de empresas
|h [Recurso electrn̤ico]
|b gua̕ orientativa de actuacin̤ profesional/
|c Joan Rojas i Graell
|
| 256 |
|
|
|a Servicio en ln̕ea
|
| 260 |
|
|
|a Madrid:
|b Cedecs,
|c 2004
|
| 506 |
1 |
|
|a Contenido solo disponible en los productos indicados
|d vLex Global
|d vLex Global (Academic Edition, excluding Law Schools)
|d vLex Global (U.S. Academic Edition, Law Schools)
|d vLex Global (U.S. Academic Edition, excluding Law Schools)
|d vLex Global (Academic Edition, Law Schools)
|
| 650 |
0 |
7 |
|a Concursos
|2 Tesauro vLex
|
| 650 |
0 |
7 |
|a Administracin̤ concursal
|2 Tesauro vLex
|
| 650 |
0 |
7 |
|a Concurso de acreedores
|2 Tesauro vLex
|
| 650 |
0 |
7 |
|a Administracin̤ del concurso
|2 Tesauro vLex
|
| 650 |
0 |
7 |
|a Administracin̤ concursal
|2 Tesauro vLex
|
| 740 |
0 |
|
|a vLex Libros (Servicios en ln̕ea)
|
| 856 |
4 |
0 |
|u http://vlex.com/source/703
|z Acceso restringido
|
| 942 |
|
|
|c BOOK
|
| 999 |
0 |
|
|a Contests
|b Madrid
|